000 00265nam a22001217a 4500
008 171123b xxu||||| |||| 00| 0 eng d
041 _aeng
080 _23 ED
_a004
100 _a34
101 _aSHK
245 _aINFORMATION PROCESING
_cBOHL.M
942 _2udc
_cBK
999 _c38332
_d38332